[Event "GER-chB Seniors 26th"]
[Site "Bad Neuenahr"]
[Date "2014.08.09"]
[Round "5"]
[White "Thol, Alfons"]
[Black "Westerweller, Heinz Josef"]
[Result "1/2-1/2"]
[WhiteElo "940"]
[BlackElo "1222"]
[PlyCount "22"]
[EventDate "2014.08.05"]
[EventType "swiss"]
[EventRounds "9"]
[EventCountry "GER"]
[SourceTitle "EXT 2018"]
[Source "ChessBase"]
[SourceDate "2017.10.13"]
[SourceVersion "1"]
[SourceVersionDate "2017.10.13"]
[SourceQuality "1"]

1. e4 e5 2. Bc4 Bc5 3. Nf3 d6 4. a3 Nf6 5. Nc3 c6 6. 0-0 a6 7. h3 b5 8. Be2 Be6 9. d4 Ba7 10. a4 0-0 11. a5 h6 1/2-1/2